000
00301nam a2200121Ia 4500
008
230524s9999 xx 000 0 und d
100
_a
"S.N.Sivanandam, S.N.Deepa"
245
0
_a
Principles of Soft Computing
260
_b
J.Wiley
500
_a
Quantity Number: 80
650
_a
Comp-Sc
942
_c
BK
999
_c
50145
_d
50145